Statistics for Friends TV Show Theme Song Lyrics

Click here to take the quiz!

General Stats

  • This quiz has been taken 6,871 times
  • The average score is 11 of 12

Answer Stats

LyricsMissing Word(s)% Correct
was gonna be this _____way
98%
So no one told you _____life
96%
Your month or even your _____ butyear
96%
I'll be there for you, like I've been there _____before
93%
When it hasn't been your day, your _____week
93%
in second _____gear
91%
Your job's a _____,joke
91%
It's like you're always _____stuck
91%
you're _____,broke
89%
I'll be there for you, 'cause you're there _____ _____ _____for me too
89%
I'll be there for you, when the rain starts to _____pour
85%
your love life's _____D O A
77%

Score Distribution

Percentile by Number Answered

Percent of People with Each Score

Your Score History

You have not taken this quiz